| 000 | 00663nam a2200217Ia 4500 | ||
|---|---|---|---|
| 005 | 20250108125106.0 | ||
| 008 | 008 250107s9999 xx 000 0 eng d | ||
| 037 | _aTB | ||
| 040 |
_aCRL _beng _cCRL |
||
| 041 |
_aeng _2eng |
||
| 084 | _aO152,3NRA13,AY Q9 | ||
| 084 | _qCRL | ||
| 100 |
_aMurty M.N. Ed.; Suender Kumar Ed. _9730385 |
||
| 245 | 0 |
_aEnvironmental valuation and accounting: the Indian perspective _cMurty M.N. Ed.; Suender Kumar Ed. |
|
| 260 |
_aGurugram, India _bAcademic Foundation _c3280 |
||
| 300 | _a381p. | ||
| 365 |
_aINR _b750 |
||
| 650 | _aECONOMICS | ||
| 942 |
_cTB _hO152,3NRA13,AY Q9 |
||
| 999 |
_c1235668 _d1235668 |
||